Score 0/33 Timer 03:00
0 Plays Today
Movie title Missing word % Correct
Movie Quote 1You
99%
Movie Quote 1The
98%
Movie Quote 1Can't
96.4%
Movie Quote 4To
96.3%
Movie Quote 3In
96%
Movie Quote 1Truth
96%
Movie Quote 2Have
95.9%
Movie Quote 5A
95.4%
Movie Quote 6A
95.4%
Movie Quote 3There's
95.1%
Movie Quote 4Little
94.7%
Movie Quote 2What
93.9%
Movie Quote 2I'll
93.9%
Movie Quote 3No
93.5%
Movie Quote 6Mission
90.4%
Movie Quote 6From
89.5%
Movie Quote 2She's
87.1%
Movie title Missing word % Correct
Movie Quote 6On
86.9%
Movie Quote 2Having
85.1%
Movie Quote 5Need
82.7%
Movie Quote 6We're
82.7%
Movie Quote 1Handle
82.1%
Movie Quote 4My
77%
Movie Quote 4Say
75.6%
Movie Quote 4Friend
69.7%
Movie Quote 4Hello
68.6%
Movie Quote 3Crying
67%
Movie Quote 6God
65.7%
Movie Quote 3Baseball
61.1%
Movie Quote 5Boat
54.9%
Movie Quote 5Bigger
52.1%
Movie Quote 5Gonna
50.3%
Movie Quote 5You're
49.8%

Today's Daily Dose

You're not logged in!

Compare scores with friends on all Sporcle quizzes.
OR
Log In

Sporcle TV

Today on Sporcle TV


Watch our educational content, quiz creation guides, and fun videos on Sporcle TV.

Show Comments

Extras

Top Quizzes Today


Score Distribution

Paid Content

Your Account Isn't Verified!

In order to create a playlist on Sporcle, you need to verify the email address you used during registration. Go to your Sporcle Settings to finish the process.

Report this User

Report this user for behavior that violates our Community Guidelines.

Details: